| 000 | 00642cam a22002053a 4500 | ||
|---|---|---|---|
| 001 | 40840 | ||
| 003 | PGUSA | ||
| 005 | 20140828083919.0 | ||
| 008 | 120922s2012||||xxu|||||s|||||000 | eng d | ||
| 040 |
_aPGUSA _beng |
||
| 042 | _adc | ||
| 100 | 1 | _aHolbrook, James | |
| 245 | 1 | 0 |
_aTen Years Among the Mail Bags : _bNotes from the Diary of a Special Agent of the Post-Office Department _h[electronic resource] / _cJames Holbrook |
| 260 |
_bProject Gutenberg, _c2012 |
||
| 506 | _aPublic domain in the USA. | ||
| 516 | _aElectronic text | ||
| 830 | 0 |
_aProject Gutenberg _v40840 |
|
| 856 | 4 | 0 | _uhttp://www.gutenberg.org/ebooks/40840 |
| 942 | _cEB | ||
| 999 |
_c270092 _d270092 |
||